Art through the ages : (Record no. 3439)

MARC details
000 -LEADER
fixed length control field 01023cam a2200301 a 4500
001 - CONTROL NUMBER
control field 3439
003 - CONTROL NUMBER IDENTIFIER
control field FISKH
005 - DATE AND TIME OF LATEST TRANSACTION
control field 20240305155033.0
008 - FIXED-LENGTH DATA ELEMENTS--GENERAL INFORMATION
fixed length control field 850308s1986 caua b 001 0 eng
010 ## - LIBRARY OF CONGRESS CONTROL NUMBER
LC control number 85060874
020 ## - INTERNATIONAL STANDARD BOOK NUMBER
International Standard Book Number 0155037633
040 ## - CATALOGING SOURCE
Original cataloging agency DLC
Transcribing agency DLC
Modifying agency DLC
Language of cataloging eng
050 00 - LIBRARY OF CONGRESS CALL NUMBER
Classification number N5300
Item number .G25 1986
082 00 - DEWEY DECIMAL CLASSIFICATION NUMBER
Classification number 709
Edition number 19
100 1# - MAIN ENTRY--PERSONAL NAME
Personal name Gardner, Helen,
Dates associated with a name 1878-1946.
245 10 - TITLE STATEMENT
Title Art through the ages :
Remainder of title Eight edition II renaissance and modern art /
Statement of responsibility, etc. Horst de la Croix, Richard G. Tansey
260 ## - PUBLICATION, DISTRIBUTION, ETC.
Place of publication, distribution, etc. San Diego :
Name of publisher, distributor, etc. Harcourt Brace Jovanovich,
Date of publication, distribution, etc. 1986.
300 ## - PHYSICAL DESCRIPTION
Extent 1008 pages :
Other physical details color illustrations ;
Dimensions 28 cm
500 ## - GENERAL NOTE
General note Cover title: Art through the ages.
500 ## - GENERAL NOTE
General note Includes index.
504 ## - BIBLIOGRAPHY, ETC. NOTE
Bibliography, etc. note Bibliography: p. 984-991.
520 ## - SUMMARY, ETC.
Summary, etc. A standard adult history of art that has often been revised since its first publication in 1926.
650 #0 - SUBJECT ADDED ENTRY--TOPICAL TERM
Topical term or geographic name entry element Art
General subdivision History.
740 0# - ADDED ENTRY--UNCONTROLLED RELATED/ANALYTICAL TITLE
Uncontrolled related/analytical title Art through the ages.
906 ## - LOCAL DATA ELEMENT F, LDF (RLIN)
a 7
b cbc
c orignew
d 2
e opcn
f 19
g y-gencatlg
942 ## - ADDED ENTRY ELEMENTS (KOHA)
Source of classification or shelving scheme Dewey Decimal Classification
Koha item type Books
Suppress in OPAC No
Holdings
Withdrawn status Lost status Source of classification or shelving scheme Damaged status Not for loan Collection Home library Current library Shelving location Date acquired Total Checkouts Full call number Barcode Date last seen Price effective from Koha item type
    Dewey Decimal Classification     Non-Fiction Footprints International School Library Network Toul Kork Campus Footprints International School Library Network Toul Kork Campus   03/05/2024   GAR 709 N5300.G25 FISSE03370 03/05/2024 03/05/2024 Books